Регионална библиотека "Любен Каравелов" - Русе

Дисциплинарна отговорност (Запис номер 386273)

MARC детайли
000 -Лидер
Контролно поле с фиксирана дължина nam a22 a 4500
003 - Код на организацията, давaща контролен номер
Контролно поле BLK
005 - Дата и час на последна редакция
Контролно поле 20200828112752.0
008 - Елементи от данни с фиксирана дължина
fixed length control field 200828b bul|||||r ||||||| ||bul||
040 ## - Източник на каталожния запис
Идентификатор на билиотеката - собственик на записа BLK
041 ## - Код за език
Код за езика на текст/звукозапис или на отделно заглавие Български
Код за езика КДБФ Български
080 ## - УДК
Текстов определител УДК Трудово право. Вж и 331
УДК код - определител по УДК 349.2
УДК определител (497.2)
УДК - код + определител 349.2(497.2)
100 1# - Редна дума - Автор
Автор Милованов, Кругер Стоянов
Авторска отговорност първи автор
R(LIN) 341261
139 ## - Редно поле
Редна дума Милованов, Кругер Стоянов
Авторски знак Мило - М 61
245 10 - Сведения за заглавието
Заглавие Дисциплинарна отговорност
Подзаглавни данни Научнопопул. очерк
Редно поле (дума) Кругер Милованов.
257 ## - Страна на издаване
Страна на създаване/издаване България
260 ## - Област на издателските данни
Място на издаване, разпространение и проч. София
Име на издателя, разпространителя и проч. Профиздат
Година на издаване 1988
Печатница Враца : В. Александров
9 (RLIN) 210729
300 ## - Физическа характеристика
Страници 103 с.
Размери/Мащаб 17 см
380 ## - Жанр
Жанр Обществени науки
490 ## - СЕРИИ (Колекции)
9 (RLIN) 421045
Име на серия Библиотека Трудово-правни знания
№: серия 4
650 #4 - Допълнително описание по предмет – тема
Основно описание – тема или топоним Трудово право - България
9 (RLIN) 248377
653 ## - Ключова дума – ненормативна
Ключова дума дисциплина
653 ## - Ключова дума – ненормативна
Ключова дума трудова дисциплина
653 ## - Ключова дума – ненормативна
Ключова дума трудово право
659 ## - Тематичен бюлетин
Тематичен бюлетин Н
852 ## - Местоположение
Форматна сигнатура Цб І 24158
Фондова буква Хранилище
999 ## - СИСТЕМНИ КОНТРОЛНИ НОМЕРА
Koha biblionumber 386273
Koha biblioitemnumber 386273
942 ## - АРТИКУЛИ
Вид на библиотечния материал Книги
Скрит в OPAC Не
Koha issues (borrowed), all copies 1
Периодичен библиозапис Да
944 ## - СЪЗДАВАНЕ И РЕДАКЦИЯ на ЗАПИСА
Създаване/Редакция Създаване
Дата на регистрацията/редакция 2020-08-28
Служител, извършил регистрацията/редакцията ГГГ
Наличности
Код за отписване Код за изгубен артикул Източник на класификационната схема Код за повреда Коз за рестрикции Код за отдаване Артикулен № Име на библиотеката - собственик Име на библиотеката, в която се намира в момента Статус (Текущо местоположение) Дата на вписване в системата Местоположение - отдел Цена в лева Инвентарен номер Систематично азбучна сигнатура Баркод Цена в евро Служебен тип на артикула
  Не е изгубен Universal Decimal Classification Не е повреден само за читалня ползва се в читалня 796005 Регионална библиотека "Любен Каравелов" Русе Регионална библиотека "Любен Каравелов" Русе Хранилище 2020-09-01 Хранилище 0.35 511147 Цб І 24158 120000511147 0.18 Книги
Vip Innovations Ltd, Rousse, Bulgaria 2025